00513nam a2200157Ia 4500008004100000020001800041041000800059082001700067100004200084245002300126250000600149260003700155300001300192999001900205952013100224210716s2011 xx 000 0 und d a9789350041383 aeng a005.268 RICJ aRichter, Jeffrey;Nasarre, Christophe. aWindows viac/ c++. a5 aNew DelhibDreamtech Pressc2011 axxvi,820 c191645d191645 001040708MCAaAIMITbAIMITeKnowledge Worldg599.00l0o005.268 RICJpMCA11153r2026-05-23 00:00:00v449.25w2021-07-16yBK